Mystery Taylor Swift Song #2 - Statistics

General Stats
  • This quiz has been taken 767 times
  • The average score is 193 of 298
Answer Stats
Answer % Correct
I
100%
a
98%
you
97%
You
97%
the
94%
The
94%
me
90%
be
87%
he
87%
to
87%
your
86%
it
85%
and
84%
And
84%
in
82%
no
81%
on
81%
my
80%
My
80%
So
80%
have
76%
You're
76%
of
75%
we're
75%
were
75%
this
73%
there
72%
can
71%
is
71%
as
70%
for
70%
been
68%
been.
68%
not
68%
don't
67%
kid
67%
that
67%
they
67%
what
67%
always
66%
It's
66%
it's
66%
know
66%
own,
66%
see
66%
with
66%
All
65%
Like
65%
friends
64%
From
64%
from
64%
say
64%
away
62%
if
62%
who
61%
best
59%
can't
59%
just
59%
Just
59%
make
59%
take
59%
Take
59%
them
59%
never
58%
stay
57%
ashes
56%
could
56%
one
56%
went
56%
face
55%
hear
55%
out
55%
fireplace
54%
He's
54%
splashes
54%
Summer
54%
I'd
52%
saw
52%
Something
52%
something
52%
sprinkler
52%
Still,
52%
blood,
51%
blood
51%
dream
51%
wait
51%
body
50%
by
50%
home
50%
play
50%
voice
50%
'Cause
49%
didn't
49%
I'll
49%
kiss
49%
took
49%
gave
48%
cool
47%
got
47%
starved
47%
boys
46%
gonna
46%
phone
46%
better
45%
smoking
45%
tears
45%
weren't
45%
yearning
45%
days
44%
friendship
44%
getting
44%
hosted
44%
loves
44%
money
44%
notice
44%
okay,
44%
parties
44%
perfect
44%
There's
44%
around
43%
funny,
43%
jokes
43%
looked
43%
moment
43%
saved
43%
sweat,
43%
You've
43%
long,
42%
party
42%
stays
42%
town
42%
Yeah,
42%
bracelets
41%
Everything
41%
gown
41%
soaked
41%
Anyway
40%
learn
40%
May
40%
patiently
40%
aren't
39%
bodies
39%
cared
39%
choose
39%
Daisy
38%
pages
38%
reason
38%
run
38%
search
38%
afraid
37%
burned
37%
great
37%
step
37%
taste
37%
turned
37%
ages
36%
bridges
36%
dreams
36%
lose
36%
waited
36%
escape
35%
lot
35%
parking
35%
rare
35%
room
35%
petals,
34%
picked
34%
songs
32%
called
31%
different
31%
taxi
30%
bloomed
28%
Writing
28%
touch
14%
No matching quizzes found
Score Distribution
Percent of People with Each Score
Percentile by Number Answered
Your Score History
You have not taken this quiz